000 00696cam a22002292 4500
001 0000006138
005 20151217154357.0
008 070920s xx 000 0 eng d
020 _a0070593744 :
_cKES 2,250
040 _aKABU
_cKABU
100 1 _aNorton, Peter.
_@0000153923
245 1 0 _aPeter Norton's introduction to computers.
250 _a6th ed.
260 _aNew Delhi :
_bTata Mc Graw-Hill,
_c2006.
300 _axxv, 609 p.
650 0 _aComputers.
_@0000153924
908 _a070920
950 _@1
999 _c10875
_d10875